|
|
|
|
| LEADER |
00949nam a2200313 4500 |
| 001 |
DLU190190202 |
| 005 |
##2019329 |
| 040 |
# |
# |
|a DLU
|b vie
|
| 041 |
# |
# |
|a vie
|
| 044 |
# |
# |
|a vn
|
| 100 |
# |
# |
|a Dinh Minh Quang.
|
| 245 |
# |
# |
|a Reproductive biology of the mudskipper Boleophthalmus boddarti in Soc Trang /
|c Dinh Minh Quang, Nguyen Thi Tra Giang, Nguyen Thi Kieu Tien.
|
| 653 |
# |
# |
|a Boleophthalmus boddarti
|
| 653 |
# |
# |
|a Fecundity
|
| 653 |
# |
# |
|a Length at first maturity
|
| 653 |
# |
# |
|a Mudskipper
|
| 653 |
# |
# |
|a Spawning
|
| 700 |
# |
# |
|a Nguyen Thi Kieu Tien.
|
| 700 |
# |
# |
|a Nguyen Thi Tra Giang.
|
| 773 |
# |
# |
|t Tạp chí Sinh học
|g Số 3, 2015, tr. 362-369
|
| 920 |
# |
# |
|a Phòng Sau đại học -- Trung tâm Thông tin - Thư viện Trường Đại học Đà Lạt
|
| 994 |
# |
# |
|a DLU
|
| 900 |
# |
# |
|a True
|
| 911 |
# |
# |
|a Hoàng Thị Huyền
|
| 925 |
# |
# |
|a G
|
| 926 |
# |
# |
|a A
|
| 927 |
# |
# |
|a BB
|
| 980 |
# |
# |
|a Thư viện Trường Đại học Đà Lạt
|